[Event "Asuncion Campeones"]
[Site "Asuncion"]
[Date "2019.10.06"]
[Round "4"]
[White "Benitez, Raul Ivan"]
[Black "Cantero, Rodolfo"]
[Result "0-1"]
[WhiteElo "1837"]
[BlackElo "2124"]
[PlyCount "80"]
[EventDate "2019.10.03"]
[EventType "tourn"]
[EventRounds "9"]
[EventCountry "PAR"]
[SourceTitle "EXT 2020"]
[Source "ChessBase"]
[SourceDate "2019.10.17"]
[SourceVersion "1"]
[SourceVersionDate "2019.10.17"]
[SourceQuality "1"]

1. d4 d6 2. e4 Nf6 3. Nc3 e5 4. dxe5 dxe5 5. Qxd8+ Kxd8 6. Bg5 Be6 7. 0-0-0+ Bd6 8. Nb5 Ke7 9. Bxf6+ gxf6 10. Nxd6 cxd6 11. b3 Nd7 12. Bd3 Rhg8 13. g3 Rab8 14. f3 b5 15. a3 b4 16. a4 h5 17. Ne2 h4 18. Rd2 Rh8 19. g4 Nf8 20. Rhd1 Nh7 21. Ng1 Rhd8 22. Nh3 Rbc8 23. Kb2 Rc3 24. Rg1 Rg8 25. Rdg2 Bxb3 26. f4 Bxc2 27. Rxc2 Rxd3 28. Rc7+ Kf8 29. g5 fxg5 30. Nxg5 Nxg5 31. Rc8+ Ke7 32. Rxg8 Nxe4 33. fxe5 dxe5 34. Re1 f5 35. Rg7+ Kd6 36. Rxa7 Nc5 37. Re2 Rb3+ 38. Kc2 Rc3+ 39. Kb1 Nd3 40. a5 b3 0-1